000 00562nam a2200181Ia 4500
003 GCL
008 140319s9999 xx 000 0 ara d
040 _aGCL /
_cGCL
082 0 4 _a823.03
_bهـ ل \\=aمجدالدين حفنى ناصفv
245 1 0 _aلمن تدق الاجراس
700 1 _aهمنجواى، ارنست
300 _a847 ص
490 _aالالف كتاب
_v0
650 0 4 _aالادب الامريكى المترجم
650 0 4 _aالادب العالمى المترجم
650 0 4 _aالقصص الامريكية
942 _2ddc
_cBK
999 _c43750
_d43750